000 00710nam a2200253Ia 4500
003 OSt
005 20220918220838.0
006 a|||||r|||| 00| 0
007 ta
008 220917b |||||||| |||| 00| 0 eng d
024 _a147,239
037 _cTextual
040 _aARTS
_cARTS
_beng
041 _2eng
_aeng
082 _aY31:7:7.2, M9
100 _aRao V M Ed
_9138412
245 0 _aPoverty alleviation in India
_b Progrmmes and action
260 _aNew Delhi
_bAshish Publishing House
_c1989
300 _avii, 245p.
_ccm.
650 _aSOCIOLOGY
700 _a Aziz Abdul Ed
_9138413
942 _hY31:7:7.2, M9
_cTEXL
_2CC
999 _c269993
_d269993